000 01342nam a22002177a 4500
003 NALT
005 20251125233050.0
008 s2552 th tha d
040 _aNALT
041 _atha
090 _aIS 4/2552 18
100 0 _aจารุวรรณ ดวงวิชัย
_98695
245 1 0 _aการเพิ่มประสิทธิภาพงานยกร่างญัตติของสำนักกฎหมาย สำนักงานเลขาธิการสภาผู้แทนราษฎร (เอกสารวิชาการกรณีศึกษาส่วนบุคคล) /
_cจารุวรรณ ดวงวิชัย.
260 _aกรุงเทพฯ :
_bรัฐสภา,
_c2552.
300 _a56 หน้า :
_bแผนภูมิ ;
_c30 ซม
610 2 4 _915245
_aสำนักงานเลขาธิการสภาผู้แทนราษฎร.
_bสำนักกฎหมาย
_xการศึกษาเฉพาะกรณี
_xงานยกร่างญัตติ
850 _aNALT
856 4 0 _uhttps://hdl.handle.net/20.500.14156/18551
942 _cIS
_2local
998 _bชวนพิชญ์ รัตนาไพบูลย์
_j909
_k นางสาวสุพัณดา สุภาพ
999 _c59934
_d59934